000 00459nam a2200193Ia 4500
005 20240823044311.0
008 240823s9999||||xx |||||||||||||| ||und||
020 _a81-7823-242-1
041 _aTAMIL
082 _A153.8 Q3
100 _aSwami Budhananda
245 0 _aManosakthiyai Vazharpathu Eppadi?
250 _a1st
260 _c2013
_bSri Ramakrishna
500 _aTRANSFERED
650 _aManosakthi
_bGeneral
942 _cBK
999 _c212241
_d212241